LIBRARY & INFORMATION CENTRE, KCAET, TAVANUR

ONLINE PUBLIC ACCESS CATALOGUE (OPAC)

Industrial engineering / (Record no. 12221)

MARC details
000 -LEADER
fixed length control field 00347cam a2200145ua 4500
041 ## - LANGUAGE CODE
Language code of text/sound track or separate title eng
082 ## - DEWEY DECIMAL CLASSIFICATION NUMBER
Classification number 658.50
Item number KUM/IN
100 ## - MAIN ENTRY--AUTHOR NAME
Personal name Kumar, B .
245 ## - TITLE STATEMENT
Title Industrial engineering /
260 ## - PUBLICATION, DISTRIBUTION, ETC. (IMPRINT)
Place of publication Delhi :
Name of publisher Khanna publishers ,
Year of publication 1992.
300 ## - PHYSICAL DESCRIPTION
Number of Pages 616 ; .
942 ## - ADDED ENTRY ELEMENTS (KOHA)
Koha item type Books
Holdings
Withdrawn status Lost status Damaged status Home library Current library Date acquired Full call number Accession Number Koha item type
      KAUAET KAUAET 07/04/2012 658.50 KUM/IN 18563 Books
free website counter